000
00254 a2200109 4500
001
63396
082
_a
808.51 REA
090
_c
37449
_d
37449
100
_a
Readers digest asso
245
_a
Write Better Speak better
_h
English
260
_b
Reader Digest
942
_a
CAE NUST
_k
808.51 REA
999
_c
298469
_d
298469